Countries that Search Cameroon the Most - Statistics

General Stats
  • This quiz has been taken 9 times
  • The average score is 9 of 10
Answer Stats
Google Trend Score Answer % Correct
7 Chad
100%
2 Democratic Republic of the Congo
100%
4 Republic of the Congo
100%
2 Benin
88%
2 Cote d’Ivoire
88%
7 Equatorial Guinea
88%
6 Gabon
88%
2 Togo
88%
2 Guinea
75%
2 Mali
75%
No matching quizzes found
Score Distribution
Percent of People with Each Score
Percentile by Number Answered
Your Score History
You have not taken this quiz